<?xml version="1.0" encoding="UTF-8"?>
<record
    xmlns:xsi="http://www.w3.org/2001/XMLSchema-instance"
    xsi:schemaLocation="http://www.loc.gov/MARC21/slim http://www.loc.gov/standards/marcxml/schema/MARC21slim.xsd"
    xmlns="http://www.loc.gov/MARC21/slim">

  <leader>00643nam a22001697a 4500</leader>
  <controlfield tag="008">150618b        xxu||||| |||| 00| 0 eng d</controlfield>
  <datafield tag="020" ind1=" " ind2=" ">
    <subfield code="a">9781259008269</subfield>
  </datafield>
  <datafield tag="050" ind1=" " ind2=" ">
    <subfield code="a">PE 1001 .L987 te3sb 2014</subfield>
  </datafield>
  <datafield tag="100" ind1=" " ind2=" ">
    <subfield code="a">Loveday, Peter</subfield>
  </datafield>
  <datafield tag="245" ind1=" " ind2=" ">
    <subfield code="a">Takeaway english 3</subfield>
    <subfield code="b">: english for success : student book /</subfield>
    <subfield code="c">Peter Loveday ; Melissa Koop ; Sally Trowbridge ; Edward Scarry .--</subfield>
  </datafield>
  <datafield tag="260" ind1=" " ind2=" ">
    <subfield code="a">New York :</subfield>
    <subfield code="b">McGraw-Hill</subfield>
    <subfield code="c">c2014</subfield>
  </datafield>
  <datafield tag="300" ind1=" " ind2=" ">
    <subfield code="a">154 pages.,</subfield>
    <subfield code="b">color illustrations., ;</subfield>
    <subfield code="c">27 cm.</subfield>
    <subfield code="e">Student book </subfield>
  </datafield>
  <datafield tag="500" ind1=" " ind2=" ">
    <subfield code="a">Includes audio list tracks. </subfield>
  </datafield>
  <datafield tag="650" ind1=" " ind2=" ">
    <subfield code="a">Language </subfield>
  </datafield>
  <datafield tag="700" ind1=" " ind2=" ">
    <subfield code="a">Koop, Melissa., Trowbridge, Sally., Scarry, Edward. </subfield>
  </datafield>
  <datafield tag="942" ind1=" " ind2=" ">
    <subfield code="2">lcc</subfield>
    <subfield code="c">BK</subfield>
  </datafield>
  <datafield tag="999" ind1=" " ind2=" ">
    <subfield code="c">288270</subfield>
    <subfield code="d">288270</subfield>
  </datafield>
  <datafield tag="952" ind1=" " ind2=" ">
    <subfield code="0">0</subfield>
    <subfield code="1">0</subfield>
    <subfield code="2">lcc</subfield>
    <subfield code="4">0</subfield>
    <subfield code="a">LUX</subfield>
    <subfield code="b">LUX</subfield>
    <subfield code="c">TR</subfield>
    <subfield code="d">2015-06-18</subfield>
    <subfield code="e">Library Fund </subfield>
    <subfield code="l">2</subfield>
    <subfield code="m">2</subfield>
    <subfield code="o">PE 1001 .L987 te3sb 2014</subfield>
    <subfield code="p">20060</subfield>
    <subfield code="r">2017-03-28 00:00:00</subfield>
    <subfield code="s">2016-12-10</subfield>
    <subfield code="w">2015-06-18</subfield>
    <subfield code="y">BK</subfield>
    <subfield code="z"> Be Amazing. Be Southville!</subfield>
  </datafield>
  <datafield tag="952" ind1=" " ind2=" ">
    <subfield code="0">0</subfield>
    <subfield code="1">0</subfield>
    <subfield code="2">lcc</subfield>
    <subfield code="4">0</subfield>
    <subfield code="a">LUX</subfield>
    <subfield code="b">LUX</subfield>
    <subfield code="c">TR</subfield>
    <subfield code="d">2015-06-18</subfield>
    <subfield code="e">Library Fund </subfield>
    <subfield code="l">1</subfield>
    <subfield code="m">2</subfield>
    <subfield code="o">PE 1001 .L987 te3sb 2014</subfield>
    <subfield code="p">20061</subfield>
    <subfield code="r">2018-04-25 00:00:00</subfield>
    <subfield code="s">2017-07-24</subfield>
    <subfield code="w">2015-06-18</subfield>
    <subfield code="y">BK</subfield>
    <subfield code="z"> Be Amazing. Be Southville!</subfield>
  </datafield>
  <datafield tag="952" ind1=" " ind2=" ">
    <subfield code="0">0</subfield>
    <subfield code="1">0</subfield>
    <subfield code="2">lcc</subfield>
    <subfield code="4">0</subfield>
    <subfield code="a">LUX</subfield>
    <subfield code="b">LUX</subfield>
    <subfield code="c">TR</subfield>
    <subfield code="d">2015-08-18</subfield>
    <subfield code="e">Library Fund </subfield>
    <subfield code="l">0</subfield>
    <subfield code="o">PE 1001 .L987 te3sb 2014</subfield>
    <subfield code="p">20094</subfield>
    <subfield code="r">2015-08-18 00:00:00</subfield>
    <subfield code="w">2015-08-18</subfield>
    <subfield code="y">BK</subfield>
    <subfield code="z">Be Amazing. Be Southville!</subfield>
  </datafield>
</record>
